01416nam a22003737a 4500001001000000003000500010005001700015008004100032010001100073011001100084035001100095040000900106082001800115100004000133245014300173260002900316300000700345500004700352590004100399590004100440590004100481590004200522590004100564650003200605700003800637700003600675710004900711901000700760942001000767942000600777949008600783999001900869952015400888000106698CHAP20220817044523.0120514s1991 mx r 00010 spa d a103160 a104132 a114821 cCHAP04a581.9721bG5800aGonzález Elizondo, Martha.94887110aListado florísticos de México Flora de Durango /c/por Martha Gonzalez Elizondo, Socorro Gonzalez Elizondo y Yolanda Herreria Arrieta. aMéxico :bUNAM,c1991. av. aLa biblioteca tiene : v.9 Flora de Durango aBATCH-UPDb10c20130110lUCH01h1334 aBATCH-UPDb10c20130410lUCH01h0531 aBATCH-UPDb10c20130914lUCH01h0739 aCONVERSIONb10c20130109lUCH01h1357 aE11695DGDb10c20160726lUCH01h113914aBotánicaxDurango.9145321 aGonzalez Elizondo, Socorro9486411 aHerrera Arrieta, Yolanda9548250 aUniversidad Nacional Autónoma de México. aBK cLIBRO n0 a581.9721 G58bBCcLIBROd33724002329082eLIBROfv.9gFotocopiah116628i114821sb c103160d103160 00102ddc4052708GRALaBCbBCcPA_GRALd2019-12-31eFotocopiafLIBROl0o581.9721 G58p33724002329082r2019-12-31 00:00:00tv.9w2019-12-31yLIBRO